Stati per minore tasso di crescita della popolazione - Europa - Statistics

Statistiche generali
  • Questo quiz è stato fatto 7 volte
  • Il punteggio medio è 9 su 10
Statistiche sulle risposte
Tasso di crescita (%) Nazione % Corretto
-0,66 Bulgaria
100%
-0,47 Croazia
100%
-0,63 Serbia
100%
-0,74 Estonia
83%
-1,13 Lettonia
83%
-1,04 Lituania
83%
-0,43 Montenegro
83%
-1,01 Romania
83%
-0,52 Ucraina
83%
-1,14 Moldavia
67%
Nessun quiz corrispondente trovato
Distribuzione punteggi
Percentuale di utenti per punteggio
Percentile per numero di risposta
I tuoi punteggi nel tempo
Non hai fatto questo quiz